000 00635aam a2200265 4500
005 20251203111158.0
008 150722b2001 xxu||||| |||| 00| 0 spa d
020 _a8425421934
041 _aESP
082 _a363.256.5 V438m2
100 _aVels, Augusto
245 _aManual de grafo análisis
250 _a2 edición
260 _aEspaña
260 _bHerder
260 _c2001
300 _a262 páginas
490 _aInvestigación Criminal
650 _aGRAFOLOGÍA
650 _aGRAFOANÁLISIS
650 _aGRAFODIAGNÓSITCO
650 _aTEMPERAMENTOS
650 _aGRADOS DE TENSIÓN
942 _cBK
_2ddc
999 _c2096
_d2096